মুক্তিযুদ্ধপঞ্জি / (Record no. 194008)
[ view plain ]
| 000 -LEADER | |
|---|---|
| fixed length control field | 01009nam a22002297a 4500 |
| 003 - CONTROL NUMBER IDENTIFIER | |
| control field | BD-DhUL |
| 005 - DATE AND TIME OF LATEST TRANSACTION | |
| control field | 20170430142159.0 |
| 008 - FIXED-LENGTH DATA ELEMENTS--GENERAL INFORMATION | |
| fixed length control field | 160131s2017 bg |||| |||| 001 0 ben |
| 020 ## - INTERNATIONAL STANDARD BOOK NUMBER | |
| International Standard Book Number | 9847012005118 |
| 040 ## - CATALOGING SOURCE | |
| Original cataloging agency | BD-DhUL |
| Transcribing agency | BD-DhUL |
| 082 ## - DEWEY DECIMAL CLASSIFICATION NUMBER | |
| Classification number | 954.92 |
| Item number | MUK |
| Edition number | 23 |
| 245 00 - TITLE STATEMENT | |
| Title | মুক্তিযুদ্ধপঞ্জি / |
| Statement of responsibility, etc. | সংকলন ও সম্পাদনা মুনতাসীর মামুন ও হাসিনা আহমেদ। |
| 260 ## - PUBLICATION, DISTRIBUTION, ETC. (IMPRINT) | |
| Place of publication, distribution, etc. | ঢাকা : |
| Name of publisher, distributor, etc. | কথাপ্রকাশ, |
| Date of publication, distribution, etc. | ২০১৭। |
| 300 ## - PHYSICAL DESCRIPTION | |
| Extent | ৭৯২ পৃ. ; |
| Dimensions | ২৪ সেমি. |
| 365 ## - TRADE PRICE | |
| Price type code | BDT |
| Price amount | 1600 |
| 504 ## - BIBLIOGRAPHY, ETC. NOTE | |
| Bibliography, etc | গ্রন্থপঞ্জিগত তথ্য ও নির্ঘন্ট সংবলিত। |
| 651 0# - SUBJECT ADDED ENTRY--GEOGRAPHIC NAME | |
| Geographic name | Bangladesh |
| General subdivision | history |
| 651 0# - SUBJECT ADDED ENTRY--GEOGRAPHIC NAME | |
| Geographic name | বাংলাদেশ |
| General subdivision | ইতিহাস |
| 700 1# - ADDED ENTRY--PERSONAL NAME | |
| Personal name | মামুন, মুনতাসীর |
| Relator term | সংকলক। |
| 700 1# - ADDED ENTRY--PERSONAL NAME | |
| Personal name | আহমেদ, হাসিনা |
| Relator term | সংকলক। |
| 942 ## - ADDED ENTRY ELEMENTS (KOHA) | |
| Source of classification or shelving scheme | |
| Koha item type | Books |
| Price effective from | Date last seen | Permanent Location | Not for loan | Date acquired | Source of classification or shelving scheme | Koha item type | Lost status | Withdrawn status | Copy number | Source of acquisition | Collection code | Damaged status | Shelving location | Barcode | Current Location | Full call number |
|---|---|---|---|---|---|---|---|---|---|---|---|---|---|---|---|---|
| 2017-04-30 | 2017-04-30 | Dhaka University Library | Not For Loan | 2017-03-12 | Books | 1 | Purchased | Non Fiction | Liberation War Collection | 500018 | Dhaka University Library | 954.92 MUK | ||||
| 2017-04-30 | 2017-04-30 | Dhaka University Library | Not For Loan | 2017-03-12 | Books | 2 | Purchased | Non Fiction | Liberation War Collection | 500019 | Dhaka University Library | 954.92 MUK |
